Mexican Highlando Cultures (Record no. 9224)

MARC details
000 -CABECERA
campo de control de longitud fija 01084nam a2200277 a 4500
001 - NÚMERO DE CONTROL
campo de control BRL_411
005 - FECHA Y HORA DE LA ÚLTIMA TRANSACCIÓN
campo de control 20190320210730.0
008 - DATOS DE LONGITUD FIJA--INFORMACIÓN GENERAL
campo de control de longitud fija 070813s1942----sw-a######---#000-0#eng-#
041 ## - CÓDIGO DE LENGUA
Código de lengua del texto/banda sonora o título independiente eng
044 ## - CÓDIGO DEL PAÍS DE LA ENTIDAD EDITORA/PRODUCTORA
Código MARC del país sw
050 #4 - SIGNATURA TOPOGRÁFICA DE LA BIBLIOTECA DEL CONGRESO
Número de clasificación F1219.1
Número de documento/Ítem .L56 1942
100 1# - ENTRADA PRINCIPAL--NOMBRE DE PERSONA
Nombre de persona Linné, Sigvald
Fechas asociadas al nombre 1899-
9 (RLIN) 23834
245 10 - MENCIÓN DE TÍTULO
Título Mexican Highlando Cultures
Resto del título Archaelogical Researches at Teotihuacan, Calpulalpan and Chalchicomula in 1934/35
Mención de responsabilidad, etc. by S.Linné
260 ## - PUBLICACIÓN, DISTRIBUCIÓN, ETC.
Lugar de publicación, distribución, etc. Stockholm
Nombre del editor, distribuidor, etc. Hakan Ohlssons Boktryckeri
Fecha de publicación, distribución, etc. 1942
300 ## - DESCRIPCIÓN FÍSICA
Extensión 223 p.
Otras características físicas il.
Dimensiones 30 cm.
440 #0 - MENCIÓN DE SERIE/PUNTO DE ACCESO ADICIONAL--TÍTULO
Título The Ethnographical museum of Sweden, Stockholm (Statens etnografiska museum) New series. Publication
Designación de volumen o secuencia no. 7
9 (RLIN) 23835
500 ## - NOTA GENERAL
Nota general Au434
504 ## - NOTA DE BIBLIOGRAFÍA, ETC.
Nota de bibliografía, etc. Bibliografía: p.206-216
651 #4 - PUNTO DE ACCESO ADICIONAL DE MATERIA--NOMBRE GEOGRÁFICO
Nombre geográfico México
Subdivisión general Antigüedades
9 (RLIN) 2765
651 #4 - PUNTO DE ACCESO ADICIONAL DE MATERIA--NOMBRE GEOGRÁFICO
Nombre geográfico Teotihuacán, Sitio (San Juan Teotihuacán, México)
Subdivisión general Antigüedades
9 (RLIN) 23836
651 #4 - PUNTO DE ACCESO ADICIONAL DE MATERIA--NOMBRE GEOGRÁFICO
Nombre geográfico Calpulalpan (Tlaxcala, México)
Subdivisión general Antigüedades
9 (RLIN) 23837
651 #4 - PUNTO DE ACCESO ADICIONAL DE MATERIA--NOMBRE GEOGRÁFICO
Nombre geográfico Chalchicomula (Puebla)
Subdivisión general Antigüedades
9 (RLIN) 23838
710 2# - PUNTO DE ACCESO ADICIONAL--NOMBRE DE ENTIDAD CORPORATIVA
Nombre de entidad corporativa o nombre de jurisdicción como elemento de entrada The Ethnographical Museum of Sweden, Stockholm
9 (RLIN) 23839
902 ## - CATALOGADOR
Iniciales GRL
942 ## - ELEMENTOS DE PUNTO DE ACCESO ADICIONAL (KOHA)
Fuente del sistema de clasificación o colocación Library of Congress Classification
Tipo de ítem Koha Libros
Holdings
Estado de retiro Estado de pérdida Estado dañado No para préstamo Localización permanente Ubicación/localización actual Fecha de adquisición Número de inventario Total de préstamos Signatura topográfica completa Código de barras Fecha visto por última vez Precio válido a partir de Tipo de ítem Koha
El ejemplar forma parte de la colección y puede ser consultado según las políticas vigentes.       Biblioteca Centro de Estudios Ruth D. Lechuga Biblioteca Centro de Estudios Ruth D. Lechuga 07/08/2013 Au434   F1219.1 .L56 1942 (Au434) GRL00443 22/03/2019 22/03/2019 Libros